000
00313nam a22001457a 4500
008
230522b ||||| |||| 00| 0 eng d
020
_a
2724235215
041
_a
FRA
080
_a
82
082
_a
82LIE
100
_a
38
101
_a
GJL
245
_a
LA PALANQUIN DES LARMES
_c
LIE CHING.CH
942
_2
udc
_c
BK
999
_c
59787
_d
59787